00622nam a22001937a 4500003000900000008004100009040007100050082001500121100001900136245003200155260003100187300002800218440002300246505008800269650001300357650001700370650001600387700002500403AR-CdUCM190502b ||||| |||| 00| 0 spa d aMUNICIPALIDAD PROVINCIAL DEL CUSCOcBIBLIOTECA MUNICIPAL DEL CUSCO a121 /bW46 aWentscher, Max aTeoría del conocimiento / aBarcelona :bLabor,c1927. a192 páginas ;c20 cm. aColección labor  aContenido : Percepción y experiencia -- Teoría y critica del conocimiento ...  aTeoría aPercepción aExperiencia aLanda y Vaz, Rubén